kku e-library facility

Organization in Plants (Record no. 167)

MARC details
000 -LEADER
fixed length control field 00396nam a2200145 4500
005 - DATE AND TIME OF LATEST TRANSACTION
control field 20260224115303.0
008 - FIXED-LENGTH DATA ELEMENTS--GENERAL INFORMATION
fixed length control field 260224b |||||||| |||| 00| 0 eng d
020 ## - INTERNATIONAL STANDARD BOOK NUMBER
International Standard Book Number 0713126434
100 ## - MAIN ENTRY--PERSONAL NAME
Personal name Baron, Williams Michael Muir
245 ## - TITLE STATEMENT
Title Organization in Plants
Statement of responsibility, etc. /W.M.M. Baron
250 ## - EDITION STATEMENT
Edition statement 3rd ed
260 ## - PUBLICATION, DISTRIBUTION, ETC.
Place of publication, distribution, etc. Britain;
Name of publisher, distributor, etc. Pitman Press, Bath;
Date of publication, distribution, etc. 1979
300 ## - PHYSICAL DESCRIPTION
Extent v,264p. ill;
Dimensions 23cm
942 ## - ADDED ENTRY ELEMENTS (KOHA)
Source of classification or shelving scheme Library of Congress Classification
Suppress in OPAC No
Koha item type Books

No items available.

©2025 All rights reserved. KKU